书目信息 |
| 题名: |
健美技巧图解
|
|
| 作者: | 曹兵, 编著 | |
| 分册: | ||
| 出版信息: | 北京 北京体育大学出版社 2002 |
|
| 页数: | 156页 | |
| 开本: | 20cm | |
| 丛书名: | ||
| 单 册: | ||
| 中图分类: | G883-64 | |
| 科图分类: | ||
| 主题词: | 健美--Jian Mei--运动技术 , 体育 | |
| 电子资源: | ||
| ISBN: | 7-81051-734-1 | |
| 000 | 00773nna0 2200253 450 | |
| 001 | CAL 012002259452 | |
| 005 | 20061120163447.56 | |
| 010 | @a7-81051-734-1@dCNY 18.00 | |
| 099 | @aCAL 012002259452 | |
| 100 | @a20021028d2002 em y0chiy0110 ea | |
| 101 | 0 | @achi |
| 102 | @aCN@b110000 | |
| 105 | @aa z 000yy | |
| 200 | 1 | @a健美技巧图解@AJian Mei Ji Qiao Tu Jie@f曹兵编著 |
| 210 | @a北京@c北京体育大学出版社@d2002 | |
| 215 | @a156页@c图@d20cm | |
| 330 | @a本书内容包括:必不可少的理论知识、最佳健美练习动作、健美运动的营养摄入、健美明星训练赏析、健美竞赛等。 | |
| 606 | 0 | @a健美@AJian Mei@x运动技术 |
| 606 | 0 | @a体育 |
| 690 | @aG883-64@v4 | |
| 701 | 0 | @a曹兵,@ACao Bing@f1950-@4编著 |
| 801 | @aCN@c20061120 | |
| 905 | @apdsgxy@dG883-64@eC102 | |
| 998 | @aYYNU | |
| 健美技巧图解/曹兵编著.-北京:北京体育大学出版社,2002 |
| 156页:图;20cm |
| ISBN 7-81051-734-1:CNY 18.00 |
| 本书内容包括:必不可少的理论知识、最佳健美练习动作、健美运动的营养摄入、健美明星训练赏析、健美竞赛等。 |
| ● |
| 相关链接 |
|
|
|
正题名:健美技巧图解
索取号:G883-64/C102
 
预约/预借
| 序号 | 登录号 | 条形码 | 馆藏地/架位号 | 状态 | 备注 |
| 1 | 611626 | 206116264 | 社科库409/409社科库 27排2列1层/ [索取号:G883-64/C102] | 在馆 | |
| 2 | 611627 | 206116273 | 社科库409/409社科库 27排2列1层/ [索取号:G883-64/C102] | 在馆 | |
| 3 | 611628 | 206116282 | 社科库409/409社科库 27排2列1层/ [索取号:G883-64/C102] | 在馆 |